000 00287nam a22001337a 4500
008 180926b xxu||||| |||| 00| 0 eng d
020 _a9780131493308
041 _aeng
080 _a541
100 _a12
101 _aKim
245 _ageneral chemistry
_cPetrucci.R
942 _2udc
_cBK
999 _c48515
_d48515